书目信息 |
| 题名: |
电子电路分析与设计
|
|
| 作者: | 郑大钟 著 | |
| 分册: | ||
| 出版信息: | 北京 清华大学出版社 2000.12 |
|
| 页数: | 1232页 | |
| 开本: | 20cm | |
| 丛书名: | 国际知名大学原版教材 | |
| 单 册: | ||
| 中图分类: | TN702 | |
| 科图分类: | ||
| 主题词: | 电子电路 | |
| 电子资源: | ||
| ISBN: | 7-900630-99-6 | |
| 000 | 00637nam0 2200217 450 | |
| 001 | 0558519736 | |
| 005 | 20050703160243.71 | |
| 010 | @a7-900630-99-6@dCNY 99.80 | |
| 100 | @a20050610d2000 km y0chiy0120 ea | |
| 101 | 0 | @aeng |
| 102 | @aCN@b110000 | |
| 200 | 1 | @a电子电路分析与设计@Adian zi dian lu fen xi yu she ji@f郑大钟著@Fzheng da zhong zhu |
| 210 | @a北京@c清华大学出版社@d2000.12 | |
| 215 | @a1232页@d20cm | |
| 225 | 2 | @a国际知名大学原版教材 |
| 410 | 0 | @12001 @a国际知名大学原版教材 |
| 606 | 0 | @a电子电路 |
| 690 | @aTN702@v4 | |
| 701 | 0 | @a郑大钟@Azheng da zhong@4著 |
| 801 | 0 | @aCN@bPFT@c20050703 |
| 905 | @a10447@dTN702@eZ425 | |
| 电子电路分析与设计/郑大钟著.-北京:清华大学出版社,2000.12 |
| 1232页;20cm.-(国际知名大学原版教材) |
| ISBN 7-900630-99-6:CNY 99.80 |
| ● |
| 相关链接 |
|
|
|
正题名:电子电路分析与设计
索取号:TN702/Z425
 
预约/预借
| 序号 | 登录号 | 条形码 | 馆藏地/架位号 | 状态 | 备注 |
| 1 | 550090 | 205500901 | 自科库301/301自科库 29排3列4层/ [索取号:TN702/Z425] | 在馆 |